000 00552nam a2200217Ia 4500
003 OSt
005 20220924143246.0
006 a|||||r|||| 00| 0
007 ta
008 220923b |||||||| |||| 00| 0 urd d
024 _a307450
037 _cTextual
040 _aARTS
_cARTS
_burd
041 _2urd
_aurd
082 _aw2,N1, 168L4
100 _aSaleha Abid hussain
_9215209
245 0 _aJane walon ki yaad aati hai
260 _c1974
942 _hw2,N1, 168L4
_cTEXL
_2CC
999 _c453801
_d453801